| 000 | 00774nam a22002057a 4500 | ||
|---|---|---|---|
| 008 | 160922b xxu||||| |||| 00| 0 eng d | ||
| 020 | _a0534537480 | ||
| 050 |
_aLB 2243.32 _b.Y68 1998 |
||
| 100 | _aGardner, John N. | ||
| 245 |
_aYour college experience: _bStrategies for success/ _cJohn N. Gardner and A Jerome Jewler. |
||
| 250 | _a3rd ed. | ||
| 260 |
_aBelmont, CA: _bWadsworth publishing company; _c1998. |
||
| 300 |
_axviii,286p, :ill. ; _bIncludes bibliographical and index |
||
| 650 |
_aCollege student orientation _xUnited states. |
||
| 650 |
_aStudy skillls _xUnited states. |
||
| 650 |
_aCritical thinking _xUnited states. |
||
| 650 |
_aSuccess _xUnited states. |
||
| 700 | _aJewler. A. Jerome. | ||
| 942 |
_2lcc _cBOOKS _hLB 2343.32 .Y68 1998 |
||
| 999 |
_c13997 _d13997 |
||